000 00904nam a22003015i 4500
001 10622
003 ES-MaACL
005 20251212063014.0
007 t|
008 941025s1994 sp ||||0| spa j
020 _a84-239-7840-0
040 _aM-BN
_bspa
_cM-BN
080 _a806.0-5
100 _9242618
_aAlarcos Llorach, Emilio
_eaut
110 1 _a
_9242594
245 1 0 _aGramática de la lengua española /
_cEmilio Alarcos Llorach.
260 _aMadrid :
_bEspasa-Calpe,
_cD.L. 1994.
300 _a406 p ;
_c22 cm.
490 1 _aColección Nebrija y Bello
500 _aPrecede al tít.: Real Academia Española.
500 _aIndice.
650 4 _aLengua española-
_xGramática.
_914161
710 2 _aReal Academia Española
_96336
830 0 _aColección Nebrija y Bello
_9179937
852 _aES-MaACL
_jL-18022
_bR.123018
942 _2udc
999 _c10622
_d10622